000 00566cam a2200193ua 4500
001 3793
008 120208n ii |||gr||||Z||||||asm
040 _cMAIN
082 _a809
100 _aHazarika, Karabi Deka,
_eAuthor.
245 1 1 _aTulanamulak sahitya :
_bbikas aru bivartan /
_cby Karabi Deka Hazarika
250 _a1st.
260 _aDibrugarh:
_bAssamese deptt. dibrugarh university,
_c2008.
300 _a200p:
_c23cm.
653 _aAssamese comparative literature
653 _aTulanamulak sahitya
700 _aBezbaruah, Pallabi Deka,
942 _cBK
999 _c3618
_d3618